French Vocabulary - Hard II - Statistics

General Stats
  • This quiz has been taken 33 times
  • The average score is 5 of 20
Answer Stats
Answer % Correct
Perruque Wig
79%
Bûche Log
50%
Pantoufle Slipper
50%
Tronçonneuse Chainsaw
43%
Surdité Deafness
43%
Aisselle Armpit
39%
Seigle Rye
25%
Bore Boron
21%
Toupie Spinning top
18%
Acouphène Tinnitus
18%
Gourdin Club
14%
Macareux Puffin
11%
If Yew
11%
Clavecin Harpsichord
7%
Charnière Hinge
7%
Carvi Caraway
4%
Transat Deckchair
4%
Saindoux Lard
4%
Musaraigne Shrew
4%
Eglantine Rosehip
0%
No matching quizzes found
Score Distribution
Percent of People with Each Score
Percentile by Number Answered
Your Score History
You have not taken this quiz